Tripla digitazione veloce dalla A alla Z - Statistics

Statistiche generali
  • Questo quiz è stato fatto 362 volte
  • Il punteggio medio è 24 su 78
Statistiche sulle risposte
lettera % Corretto
a
100%
b
96%
c
96%
d
92%
e
91%
f
91%
g
90%
h
88%
i
86%
j
74%
k
72%
l
72%
m
72%
n
69%
o
67%
p
66%
q
65%
r
64%
s
64%
t
64%
u
60%
v
54%
w
49%
x
44%
y
41%
z
38%
A
35%
B
34%
C
32%
D
32%
E
30%
F
29%
G
27%
H
25%
I
24%
J
23%
K
22%
L
21%
M
20%
N
19%
O
18%
P
16%
Q
14%
R
11%
S
11%
T
11%
U
9%
V
7%
W
5%
X
5%
Y
5%
Z
4%
A
3%
B
3%
C
2%
D
2%
E
2%
F
1%
G
1%
H
1%
I
1%
J
1%
K
1%
L
1%
M
1%
N
1%
O
1%
P
1%
Q
1%
R
1%
S
1%
T
1%
U
1%
V
1%
W
1%
X
0%
Y
0%
Z
0%
Nessun quiz corrispondente trovato
Distribuzione punteggi
Percentuale di utenti per punteggio
Percentile per numero di risposta
I tuoi punteggi nel tempo
Non hai fatto questo quiz